ბათუმის შოთა რუსთაველის სახელმწიფო უნივერსიტეტის ბიბლიოთეკა

ბუღალტრული აღრიცხვა საერთაშორისო სტანდარტებით (ბიბ.ჩანაწერი № 58986)

000 -ლიდერი
ფიქსირებული სიგრძის საკონტროლო ველი 01067nam a22002057a 4500
003 - საკონტროლო ნომრის იდენტიფიკატორი
საკონტროლო ველი Ge_BSU
005 - ბოლო ოპერაციის თარიღი და დრო
საკონტროლო ველი 20221027145114.0
008 - ფიქსირებული სიგრძის მონაცემთა ელემენტები - ზოგადი ინფორმაცია
ფიქსირებული სიგრძის საკონტროლო ველი 221027s2002 ge ||||| |||| 00| 0 geo d
041 ## - ენის კოდი
Language code of text/sound track or separate title geo
080 ## - უნივერსალური ათობითი კლასიფიკაციის ინდექსი
Universal Decimal Classification number 657(075.8) მ-58
100 ## - მთავარი ჩანაწერი - პიროვნების სახელი
Personal name მესხია, იაკობ
9 (RLIN) 15591
245 ## - ცნობა სათაურის შესახებ
Title ბუღალტრული აღრიცხვა საერთაშორისო სტანდარტებით
Statement of responsibility, etc იაკობ მესხია; დეზი მაღლაკელიძე, ნათელა ვაშაკიძე; რედ. ი. მესხია.
264 ## - წარმოების, გამოცემის, დისტრიბუციის და სხვა ცნობები
გამოცემის, წარმოების, დისტრიბუციის... ადგილი თბილისი :
გამოცემის, წარმოების, დისტრიბუციის... სახელწოდება ბიზნეს-კურიერი,
გამოცემის, წარმოების, დისტრიბუციის... თარიღი 2002.
300 ## - ფიზიკური აღწერა
Extent 352 გვ. ;
Other physical details 20 სმ.
653 ## - INDEX TERM--UNCONTROLLED
Uncontrolled term ბუღალტრული აღრიცხვა
700 ## - ADDED ENTRY--PERSONAL NAME
Personal name მაღლაკელიძე, დეზი
Relator term ავტორი
9 (RLIN) 15592
700 ## - ADDED ENTRY--PERSONAL NAME
Personal name ვაშაკიძე, ნათელა
Relator term ავტორი
9 (RLIN) 15593
700 ## - ADDED ENTRY--PERSONAL NAME
Personal name მესხია, ი.
Relator term რედაქტორი
9 (RLIN) 1037
942 ## - ADDED ENTRY ELEMENTS (KOHA)
Source of classification or shelving scheme
Koha item type წიგნი
ეგზემპლარები
ჩამოწერის სტატუსი დაკარგული ეგზემპლარის სტატუსი კლასიფიკაციის წყარო ან თაროზე გაწყობის სქემა დაზიანების სტატუსი არ გაიცემა მუდმივი მდებარეობა (დაცვის ადგილი) ამჟამინდელი ადგილსამყოფელი თაროზე განთავსების ადგილი შეძენის თარიღი ღირებულება, შესყიდვის ნორმალური ფასი სრული შენახვის შიფრი შტრიხკოდი ბოლო ოპერაციის თარიღი ეგზემპლარის მიმდევრობითი ნომერი (კეტერი?) ფასის ძალაში შესვლის თარიღი ეგზემპლარის სახეობა საჯარო შენიშვნა
          ბათუმის შოთა რუსთაველის სახელმწიფო უნივერსიტეტის მთავარი ბიბლიოთეკა ბათუმის შოთა რუსთაველის სახელმწიფო უნივერსიტეტის მთავარი ბიბლიოთეკა წიგნსაცავი 2022-10-27 15.00 657(075.8) მ-58 28786 2022-10-27 28786 2022-10-27 წიგნი 15 ლ.